Návrh robotického pracoviska pre úpravu mikrogeometrie rezných nástrojov
Salvato in:
| Autore principale: | |
|---|---|
| Altri autori: | |
| Natura: | Manoscritto Libro |
| Lingua: | slovacco |
| Pubblicazione: |
2025
|
| Soggetti: | |
| Accesso online: | http://is.stuba.sk/zp/portal_zp.pl?podrobnosti=185916 |
| Tags: |
Nessun Tag, puoi essere il primo ad aggiungerne!!
|
MARC
| LEADER | 00000ntm a22000003a 4500 | ||
|---|---|---|---|
| 001 | stuzp99125 | ||
| 003 | SK-STU | ||
| 005 | 20250628210451.5 | ||
| 007 | ta | ||
| 008 | 150427s2015----xo-----f-mn---000-0-slo-d | ||
| 040 | |a STU |b slo | ||
| 041 | 0 | |a slo | |
| 100 | 1 | |a Pilát, Marek |u 063000 |4 aut |U MTF Materiálovotechnologická fakulta |T MTF Ústav výrobných technológií |X 116552 |U M3000 |Y 83 |7 116552 | |
| 242 | 0 | 1 | |a Design of a robotic workplace for adjusting the microgeometry of cutting tools |y eng |
| 245 | 1 | 0 | |a Návrh robotického pracoviska pre úpravu mikrogeometrie rezných nástrojov |
| 260 | |c 2025 | ||
| 650 | 4 | |a mikrogeometria |2 slo | |
| 650 | 4 | |a robot |2 slo | |
| 650 | 4 | |a robotické pracovisko |2 slo | |
| 650 | 4 | |a model |2 slo | |
| 650 | 4 | |a rezný nástroj |2 slo | |
| 650 | 4 | |a rezná hrana |2 slo | |
| 650 | 4 | |a cutting tool |2 eng | |
| 650 | 4 | |a cutting edge |2 eng | |
| 650 | 4 | |a robot |2 eng | |
| 650 | 4 | |a model |2 eng | |
| 650 | 4 | |a microgeometry |2 eng | |
| 650 | 4 | |a robotics workplace |2 eng | |
| 700 | 1 | |a Jurina, František |u 063200 |k Z2 |4 ths |U MTF Ústav výrobných technológií |T MTF Katedra obrábania a počítačovej podpory technológií |X 46002 |U M3200 |Y 164 |7 A000046002 | |
| 856 | 4 | |u http://is.stuba.sk/zp/portal_zp.pl?podrobnosti=185916 | |
| 996 | |c M* BP-10005 |l MMSKP |s P |a 0 |w stuzp99125_0001 | ||